[Event "Bundesliga 9596"]
[Site "Deutschland"]
[Date "1995.??.??"]
[Round "?.6"]
[White "Sehner, Norbert"]
[Black "Pirrot, Dieter"]
[Result "0-1"]
[WhiteElo "2420"]
[BlackElo "2400"]
[PlyCount "78"]
[EventDate "1995.10.??"]
[EventType "team"]
[EventRounds "15"]
[EventCountry "GER"]
[SourceTitle "Bundesliga 9596"]
[Source "DeepChess"]
[SourceDate "2005.01.01"]
[SourceVersion "1"]
[SourceVersionDate "2005.01.01"]
[SourceQuality "1"]
[WhiteTeam "SV Castrop Rauxel 1923"]
[BlackTeam "PSV Turm Duisburg 1920 e.V."]
[WhiteTeamCountry "GER"]
[BlackTeamCountry "GER"]

1. c4 e5 2. g3 Nc6 3. Bg2 g6 4. Nc3 Bg7 5. e3 f5 6. Nge2 d6 7. b3 Nf6 8. Bb2
O-O 9. O-O g5 10. f4 h6 11. d3 Ne7 12. Qd2 c6 13. Kh1 Ng6 14. Rad1 Qc7 15. Ba3
Rf7 16. fxe5 dxe5 17. d4 e4 18. d5 Ng4 19. dxc6 bxc6 20. Bd6 Qb6 21. c5 Qd8 22.
Nd4 Bd7 23. h3 Bxd4 24. hxg4 Be5 25. Bxe5 Nxe5 26. Rxf5 Qe7 27. Rxf7 Qxf7 28.
Qd4 Nxg4 29. Qxd7 Qh5+ 30. Kg1 Rf8 31. Qe6+ Kh8 32. Qxg4 Qxg4 33. Rd6 Qxg3 34.
Nxe4 Qxe3+ 35. Kh1 Rf2 36. Rxh6+ Kg7 37. Re6 Re2 38. Re8 Re1+ 39. Kh2 Qf4+ 0-1

[Event "Bundesliga 9596"]
[Site "Deutschland"]
[Date "1995.??.??"]
[Round "?.7"]
[White "Prang, Edgar"]
[Black "Dinstuhl, Volkmar"]
[Result "1/2-1/2"]
[WhiteElo "2335"]
[BlackElo "2355"]
[PlyCount "140"]
[EventDate "1995.10.??"]
[EventType "team"]
[EventRounds "15"]
[EventCountry "GER"]
[SourceTitle "Bundesliga 9596"]
[Source "DeepChess"]
[SourceDate "2005.01.01"]
[SourceVersion "1"]
[SourceVersionDate "2005.01.01"]
[SourceQuality "1"]
[WhiteTeam "PSV Turm Duisburg 1920 e.V."]
[BlackTeam "SV Castrop Rauxel 1923"]
[WhiteTeamCountry "GER"]
[BlackTeamCountry "GER"]

1. d4 Nf6 2. Nf3 g6 3. Bf4 Bg7 4. e3 d6 5. h3 O-O 6. Be2 c5 7. c3 Nc6 8. O-O
Be6 9. dxc5 dxc5 10. Qxd8 Rfxd8 11. Nbd2 Nd5 12. Bg3 Nb6 13. Bb5 Rdc8 14. Ng5
Bd7 15. Nc4 Ne5 16. Nxb6 axb6 17. Bxd7 Nxd7 18. Rfd1 Nf6 19. Be5 Rd8 20. a3 Ne8
21. Bxg7 Kxg7 22. Ne4 h6 23. c4 f5 24. Nc3 Nd6 25. b3 e6 26. Na4 Ra6 27. Rd3
Kf6 28. Rad1 Ke7 29. Nc3 Nf7 30. Rxd8 Nxd8 31. a4 Nc6 32. Nb5 Ra8 33. Kf1 Na5
34. Rd6 Nxb3 35. Rxb6 Rxa4 36. Rxb7+ Kf6 37. Nc3 Ra1+ 38. Ke2 Ra3 39. Kd3 g5
40. g3 Na5 41. Rb5 Nc6 42. Rxc5 Ne5+ 43. Kc2 Ra1 44. f4 Nd7 45. Rc7 Ke7 46. c5
Kd8 47. Rc6 Ke7 48. Rc7 Kd8 49. Rc6 Ke7 50. e4 Ra5 51. exf5 Nxc5 52. fxg5 hxg5
53. fxe6 Nxe6 54. Kd3 Ra1 55. Rb6 Rh1 56. Ne4 Rxh3 57. Kc4 Nd8 58. Rg6 Nf7 59.
Nxg5 Rxg3 60. Re6+ Kd7 61. Rg6 Nxg5 62. Kd5 Ke7 63. Ra6 Nf7 64. Rb6 Rg5+ 65.
Kd4 Nd6 66. Ra6 Ke6 67. Kd3 Rg4 68. Ke3 Rb4 69. Kd3 Kd5 70. Ra5+ Nb5 1/2-1/2

[Event "Bundesliga 9596"]
[Site "Deutschland"]
[Date "1995.??.??"]
[Round "?.8"]
[White "Hennig, Dirk"]
[Black "Werner, Knud"]
[Result "1-0"]
[WhiteElo "2365"]
[BlackElo "2295"]
[PlyCount "77"]
[EventDate "1995.10.??"]
[EventType "team"]
[EventRounds "15"]
[EventCountry "GER"]
[SourceTitle "Bundesliga 9596"]
[Source "DeepChess"]
[SourceDate "2005.01.01"]
[SourceVersion "1"]
[SourceVersionDate "2005.01.01"]
[SourceQuality "1"]
[WhiteTeam "SV Castrop Rauxel 1923"]
[BlackTeam "PSV Turm Duisburg 1920 e.V."]
[WhiteTeamCountry "GER"]
[BlackTeamCountry "GER"]

1. d4 d6 2. Nf3 Nf6 3. c4 Nbd7 4. g3 c6 5. Bg2 g6 6. O-O Bg7 7. Nc3 O-O 8. Qc2
e5 9. Rd1 Qe7 10. b3 e4 11. Ne1 Re8 12. a4 Nf8 13. Bg5 Bf5 14. Qd2 Ne6 15. Bxf6
Bxf6 16. Nc2 e3 17. Nxe3 Nxd4 18. Nxf5 Nxf5 19. e3 Rad8 20. Rac1 Bg7 21. Qd3
Bf8 22. b4 Qc7 23. Ne4 Qe7 24. Qb3 h5 25. Rd3 Bg7 26. Rcd1 Qc7 27. b5 a6 28.
Qb4 d5 29. cxd5 cxd5 30. Nc3 a5 31. Qb3 d4 32. Nd5 Qc5 33. Nf4 Qb6 34. Bd5 Rf8
35. e4 Ne7 36. Bc4 Qc5 37. Rf3 Qe5 38. Re1 Nc8 39. Nxg6 1-0

[Event "Bundesliga 9596"]
[Site "Deutschland"]
[Date "1996.??.??"]
[Round "?.1"]
[White "Kramnik, Vladimir"]
[Black "Khalifman, Alexander"]
[Result "1/2-1/2"]
[WhiteElo "2775"]
[BlackElo "2650"]
[PlyCount "21"]
[EventDate "1995.10.??"]
[EventType "team"]
[EventRounds "15"]
[EventCountry "GER"]
[SourceTitle "Bundesliga 9596"]
[Source "DeepChess"]
[SourceDate "2005.01.01"]
[SourceVersion "1"]
[SourceVersionDate "2005.01.01"]
[SourceQuality "1"]
[WhiteTeam "SV Empor Berlin e.V."]
[BlackTeam "PSV Turm Duisburg 1920 e.V."]
[WhiteTeamCountry "GER"]
[BlackTeamCountry "GER"]

1. Nf3 Nf6 2. c4 e6 3. Nc3 Bb4 4. g3 O-O 5. Bg2 d5 6. Qb3 Nc6 7. d4 Ne4 8. Qc2
Nd6 9. cxd5 exd5 10. O-O Bf5 11. Qb3 1/2-1/2

[Event "Bundesliga 9596"]
[Site "Deutschland"]
[Date "1996.??.??"]
[Round "?.3"]
[White "Lobron, Eric"]
[Black "Unzicker, Wolfgang"]
[Result "1/2-1/2"]
[WhiteElo "2590"]
[BlackElo "2450"]
[PlyCount "81"]
[EventDate "1995.10.??"]
[EventType "team"]
[EventRounds "15"]
[EventCountry "GER"]
[SourceTitle "Bundesliga 9596"]
[Source "DeepChess"]
[SourceDate "2005.01.01"]
[SourceVersion "1"]
[SourceVersionDate "2005.01.01"]
[SourceQuality "1"]
[WhiteTeam "SV Empor Berlin e.V."]
[BlackTeam "PSV Turm Duisburg 1920 e.V."]
[WhiteTeamCountry "GER"]
[BlackTeamCountry "GER"]

1. Nf3 Nf6 2. c4 e6 3. d4 d5 4. Nc3 Be7 5. Bg5 h6 6. Bh4 O-O 7. e3 b6 8. Be2
Bb7 9. Bxf6 Bxf6 10. cxd5 exd5 11. b4 c5 12. bxc5 bxc5 13. Rb1 Bc6 14. O-O Nd7
15. Bb5 Qc7 16. Bxc6 Qxc6 17. Rc1 Rfd8 18. Re1 Rac8 19. h3 Qa8 20. Qd3 g6 21.
Red1 Bg7 22. Ne2 cxd4 23. Nfxd4 Rc4 24. Nb3 Ne5 25. Qd2 Nc6 26. Nf4 Rxc1 27.
Rxc1 d4 28. e4 Ne7 29. Nc5 Rc8 30. Nfd3 Rc7 31. Qf4 Qc8 32. Rb1 Nc6 33. h4 Re7
34. g3 Kh7 35. h5 Ne5 36. Rb3 Nxd3 37. Nxd3 Qc2 38. hxg6+ fxg6 39. Ra3 Qe2 40.
e5 Bxe5 41. Nxe5 1/2-1/2

[Event "Bundesliga 9596"]
[Site "Deutschland"]
[Date "1996.??.??"]
[Round "?.5"]
[White "Boensch, Uwe"]
[Black "Enders, Peter"]
[Result "1/2-1/2"]
[WhiteElo "2550"]
[BlackElo "2495"]
[PlyCount "61"]
[EventDate "1995.10.??"]
[EventType "team"]
[EventRounds "15"]
[EventCountry "GER"]
[SourceTitle "Bundesliga 9596"]
[Source "DeepChess"]
[SourceDate "2005.01.01"]
[SourceVersion "1"]
[SourceVersionDate "2005.01.01"]
[SourceQuality "1"]
[WhiteTeam "SV Empor Berlin e.V."]
[BlackTeam "PSV Turm Duisburg 1920 e.V."]
[WhiteTeamCountry "GER"]
[BlackTeamCountry "GER"]

1. d4 Nf6 2. c4 e6 3. Nf3 b6 4. g3 Bb7 5. Bg2 Be7 6. Nc3 Ne4 7. Nxe4 Bxe4 8.
O-O O-O 9. Bf4 d6 10. Qd2 Nd7 11. Rfd1 Kh8 12. Rac1 f5 13. b4 a5 14. Ng5 Bxg5
15. Bxg5 Qe8 16. f3 Bc6 17. c5 bxc5 18. bxc5 dxc5 19. e4 fxe4 20. fxe4 h6 21.
Be3 cxd4 22. Bxh6 Nf6 23. e5 Ne4 24. Qe1 Nc3 25. Rxd4 Bxg2 26. Qxc3 Bd5 27.
Bxg7+ Kxg7 28. Rg4+ Kh8 29. Rh4+ Kg8 30. Rg4+ Kh8 31. Rh4+ 1/2-1/2

[Event "Bundesliga 9596"]
[Site "Deutschland"]
[Date "1996.??.??"]
[Round "?.6"]
[White "Thesing, Matthias"]
[Black "Tischbierek, Raj"]
[Result "1-0"]
[WhiteElo "2415"]
[BlackElo "2490"]
[PlyCount "91"]
[EventDate "1995.10.??"]
[EventType "team"]
[EventRounds "15"]
[EventCountry "GER"]
[SourceTitle "Bundesliga 9596"]
[Source "DeepChess"]
[SourceDate "2005.01.01"]
[SourceVersion "1"]
[SourceVersionDate "2005.01.01"]
[SourceQuality "1"]
[WhiteTeam "PSV Turm Duisburg 1920 e.V."]
[BlackTeam "SV Empor Berlin e.V."]
[WhiteTeamCountry "GER"]
[BlackTeamCountry "GER"]

1. e4 g6 2. d4 d6 3. c4 Bg7 4. Nc3 c5 5. d5 Nf6 6. h3 O-O 7. Nf3 e6 8. Bd3 exd5
9. exd5 Re8+ 10. Be3 Bh6 11. O-O Bxe3 12. fxe3 Rxe3 13. Qd2 Re8 14. Qh6 Nbd7
15. Qf4 Nh5 16. Qxd6 Qf6 17. Qxf6 Ndxf6 18. Ng5 Re5 19. Nge4 Nxe4 20. Nxe4 b6
21. Rae1 Kf8 22. g4 Ng7 23. Nf6 Rxe1 24. Nxh7+ Kg8 25. Nf6+ Kf8 26. Rxe1 a6 27.
Kf2 Ra7 28. Kg3 Bd7 29. Kf4 Ne8 30. Kg5 Nd6 31. h4 b5 32. b3 Rb7 33. h5 gxh5
34. gxh5 bxc4 35. bxc4 Ba4 36. Nh7+ Kg8 37. Kh6 Ne8 38. Kg5 Rb6 39. Rb1 Rd6 40.
Rb8 Kg7 41. Rb7 Kg8 42. Bf5 Kg7 43. Be6 Kxh7 44. Rxf7+ Kg8 45. h6 Bc2 46. Rf2+
1-0

[Event "Bundesliga 9596"]
[Site "Deutschland"]
[Date "1996.??.??"]
[Round "?.7"]
[White "Volke, Karsten"]
[Black "Pirrot, Dieter"]
[Result "1/2-1/2"]
[WhiteElo "2470"]
[BlackElo "2405"]
[PlyCount "96"]
[EventDate "1995.10.??"]
[EventType "team"]
[EventRounds "15"]
[EventCountry "GER"]
[SourceTitle "Bundesliga 9596"]
[Source "DeepChess"]
[SourceDate "2005.01.01"]
[SourceVersion "1"]
[SourceVersionDate "2005.01.01"]
[SourceQuality "1"]
[WhiteTeam "SV Empor Berlin e.V."]
[BlackTeam "PSV Turm Duisburg 1920 e.V."]
[WhiteTeamCountry "GER"]
[BlackTeamCountry "GER"]

1. d4 Nf6 2. c4 g6 3. Nc3 Bg7 4. e4 d6 5. Be2 O-O 6. Nf3 c5 7. d5 e6 8. O-O Re8
9. Bd3 exd5 10. exd5 Bg4 11. h3 Bxf3 12. Qxf3 Nbd7 13. Qd1 a6 14. Bd2 Qc7 15.
Qc2 Re7 16. Rfe1 Rae8 17. Bf1 Rxe1 18. Rxe1 Qd8 19. Qd1 Rxe1 20. Qxe1 Qe8 21.
Qxe8+ Nxe8 22. g4 Kf8 23. Kg2 Ke7 24. b3 Bd4 25. Ne4 Ndf6 26. Ng5 Bb2 27. Kf3
h5 28. Be2 hxg4+ 29. hxg4 b6 30. Ne4 Nxe4 31. Kxe4 Nf6+ 32. Kd3 Nd7 33. g5 Bd4
34. f4 Bb2 35. Ke4 Ke8 36. Kd3 Ke7 37. Kc2 Bd4 38. a3 a5 39. Bg4 Ke8 40. Bc1
Ke7 41. Kd3 Bg7 42. Ke4 Bc3 43. Bh3 Ke8 44. Kd3 Bg7 45. Kc2 Bd4 46. Bd2 Ke7 47.
Bf1 Nf8 48. Bd3 Nd7 1/2-1/2

[Event "Bundesliga 9596"]
[Site "Deutschland"]
[Date "1996.??.??"]
[Round "?.8"]
[White "Prang, Edgar"]
[Black "Muse, Mladen"]
[Result "0-1"]
[WhiteElo "2335"]
[BlackElo "2420"]
[PlyCount "52"]
[EventDate "1995.10.??"]
[EventType "team"]
[EventRounds "15"]
[EventCountry "GER"]
[SourceTitle "Bundesliga 9596"]
[Source "DeepChess"]
[SourceDate "2005.01.01"]
[SourceVersion "1"]
[SourceVersionDate "2005.01.01"]
[SourceQuality "1"]
[WhiteTeam "PSV Turm Duisburg 1920 e.V."]
[BlackTeam "SV Empor Berlin e.V."]
[WhiteTeamCountry "GER"]
[BlackTeamCountry "GER"]

1. b3 e5 2. Bb2 Nc6 3. c4 Nf6 4. Nc3 d5 5. cxd5 Nxd5 6. g3 Be6 7. Bg2 Qd7 8.
Nf3 f6 9. O-O Nb6 10. Re1 O-O-O 11. d3 Bh3 12. Bh1 h5 13. Qc1 h4 14. Ne4 hxg3
15. fxg3 Qf7 16. Nc5 Rd5 17. Ba3 Bg4 18. Na4 Nb4 19. Nxb6+ axb6 20. Qc4 Qh5 21.
h4 b5 22. Qc3 Bc5+ 23. Kf1 Bh3+ 24. Bg2 Qg4 25. d4 exd4 26. Qd2 Qxg3 0-1

[Event "Bundesliga 9596"]
[Site "Deutschland"]
[Date "1995.??.??"]
[Round "?.1"]
[White "Horvath, Tamas"]
[Black "Khalifman, Alexander"]
[Result "0-1"]
[WhiteElo "2425"]
[BlackElo "2655"]
[PlyCount "61"]
[EventDate "1995.10.??"]
[EventType "team"]
[EventRounds "15"]
[EventCountry "GER"]
[SourceTitle "Bundesliga 9596"]
[Source "DeepChess"]
[SourceDate "2005.01.01"]
[SourceVersion "1"]
[SourceVersionDate "2005.01.01"]
[SourceQuality "1"]
[WhiteTeam "SV Tuebingen 1870 e.V."]
[BlackTeam "PSV Turm Duisburg 1920 e.V."]
[WhiteTeamCountry "GER"]
[BlackTeamCountry "GER"]

1. e4 c5 2. Nf3 d6 3. d4 cxd4 4. Nxd4 Nf6 5. Nc3 Nc6 6. g3 g6 7. Bg2 Nxd4 8.
Qxd4 Bg7 9. O-O O-O 10. Qb4 Qc7 11. Bg5 Be6 12. a4 a5 13. Qa3 h6 14. Bd2 Ng4
15. Rac1 Qb6 16. b3 Bxc3 17. Bxc3 Ne3 18. Rfe1 Nxg2 19. Kxg2 f5 20. Qb2 fxe4
21. Bd4 Qc6 22. Be3 Qd5 23. h3 Qf5 24. Rh1 Qf3+ 25. Kg1 Rf5 26. Qd4 Rd5 27. Qb6
Rc8 28. c4 Rd3 29. Re1 Rf8 30. Bxh6 e3 31. Bxe3 $138 0-1

[Event "Bundesliga 9596"]
[Site "Deutschland"]
[Date "1995.??.??"]
[Round "?.3"]
[White "Kraut, Rainer"]
[Black "Keitlinghaus, Ludger"]
[Result "1/2-1/2"]
[WhiteElo "2415"]
[BlackElo "2500"]
[PlyCount "24"]
[EventDate "1995.10.??"]
[EventType "team"]
[EventRounds "15"]
[EventCountry "GER"]
[SourceTitle "Bundesliga 9596"]
[Source "DeepChess"]
[SourceDate "2005.01.01"]
[SourceVersion "1"]
[SourceVersionDate "2005.01.01"]
[SourceQuality "1"]
[WhiteTeam "SV Tuebingen 1870 e.V."]
[BlackTeam "PSV Turm Duisburg 1920 e.V."]
[WhiteTeamCountry "GER"]
[BlackTeamCountry "GER"]

1. e4 e5 2. Nf3 Nf6 3. d4 Nxe4 4. Bd3 Nc6 5. dxe5 d5 6. exd6 Nxd6 7. O-O Be7 8.
c3 Bf5 9. Re1 Qd7 10. Bxf5 Nxf5 11. Qxd7+ Kxd7 12. Nbd2 Rae8 1/2-1/2

[Event "Bundesliga 9596"]
[Site "Deutschland"]
[Date "1995.??.??"]
[Round "?.4"]
[White "Enders, Peter"]
[Black "Zeller, Frank"]
[Result "1-0"]
[WhiteElo "2470"]
[BlackElo "2400"]
[PlyCount "89"]
[EventDate "1995.10.??"]
[EventType "team"]
[EventRounds "15"]
[EventCountry "GER"]
[SourceTitle "Bundesliga 9596"]
[Source "DeepChess"]
[SourceDate "2005.01.01"]
[SourceVersion "1"]
[SourceVersionDate "2005.01.01"]
[SourceQuality "1"]
[WhiteTeam "PSV Turm Duisburg 1920 e.V."]
[BlackTeam "SV Tuebingen 1870 e.V."]
[WhiteTeamCountry "GER"]
[BlackTeamCountry "GER"]

1. e4 c5 2. Nf3 d6 3. d4 cxd4 4. Nxd4 Nf6 5. Nc3 Nc6 6. Bg5 e6 7. Qd2 a6 8.
O-O-O Bd7 9. f4 h6 10. Bh4 g5 11. fxg5 Ng4 12. g3 Qb6 13. Be2 hxg5 14. Bxg5 Nf2
15. Nf5 Nxd1 16. Rxd1 Qc5 17. Be3 Qa5 18. Nxd6+ Bxd6 19. Qxd6 O-O-O 20. h4 Qc7
21. Qxc7+ Kxc7 22. Bf4+ e5 23. Nd5+ Kd6 24. Nb4+ Kc5 25. Nd3+ Kb6 26. Nxe5 Be6
27. Nc4+ Ka7 28. Nd6 f6 29. c4 Ne5 30. Kc2 Kb6 31. b4 Kc6 32. c5 Bxa2 33. b5+
axb5 34. Bxb5+ Kc7 35. Ra1 Ra8 36. Ne8+ Kd8 37. Nxf6 Nf3 38. Kb2 Ke7 39. Ne8
Nd4 40. Nc7 Nxb5 41. Nxa8 Rxa8 42. Rxa2 Rxa2+ 43. Kxa2 Nc3+ 44. Kb3 Nxe4 45.
Kc4 1-0

[Event "Bundesliga 9596"]
[Site "Deutschland"]
[Date "1995.??.??"]
[Round "?.5"]
[White "Hess, Ralf"]
[Black "Thesing, Matthias"]
[Result "0-1"]
[WhiteElo "2400"]
[BlackElo "2410"]
[PlyCount "60"]
[EventDate "1995.10.??"]
[EventType "team"]
[EventRounds "15"]
[EventCountry "GER"]
[SourceTitle "Bundesliga 9596"]
[Source "DeepChess"]
[SourceDate "2005.01.01"]
[SourceVersion "1"]
[SourceVersionDate "2005.01.01"]
[SourceQuality "1"]
[WhiteTeam "SV Tuebingen 1870 e.V."]
[BlackTeam "PSV Turm Duisburg 1920 e.V."]
[WhiteTeamCountry "GER"]
[BlackTeamCountry "GER"]

1. d4 d5 2. c4 e6 3. Nc3 c6 4. Nf3 Nf6 5. Qc2 dxc4 6. a4 Bb4 7. e4 b5 8. Bg5
Qb6 9. Be2 Bb7 10. O-O a6 11. Bxf6 gxf6 12. Qd2 Nd7 13. axb5 cxb5 14. Qf4 Qc6
15. d5 Qd6 16. Qe3 Qb6 17. Qh6 O-O-O 18. Qh5 Rhf8 19. Rad1 Bxc3 20. bxc3 Nc5
21. Qxh7 exd5 22. exd5 Bxd5 23. Qh6 Rh8 24. Qf4 Qd6 25. Qf5+ Qe6 26. Qc2 Be4
27. Qa2 Kb7 28. Nd4 Rdg8 29. g3 Rxh2 30. Bf3 Qh3 0-1

[Event "Bundesliga 9596"]
[Site "Deutschland"]
[Date "1995.??.??"]
[Round "?.6"]
[White "Pirrot, Dieter"]
[Black "Dutschak, Hauke"]
[Result "0-1"]
[WhiteElo "2400"]
[BlackElo "2260"]
[PlyCount "38"]
[EventDate "1995.10.??"]
[EventType "team"]
[EventRounds "15"]
[EventCountry "GER"]
[SourceTitle "Bundesliga 9596"]
[Source "DeepChess"]
[SourceDate "2005.01.01"]
[SourceVersion "1"]
[SourceVersionDate "2005.01.01"]
[SourceQuality "1"]
[WhiteTeam "PSV Turm Duisburg 1920 e.V."]
[BlackTeam "SV Tuebingen 1870 e.V."]
[WhiteTeamCountry "GER"]
[BlackTeamCountry "GER"]

1. e4 d5 2. exd5 Nf6 3. d4 Nxd5 4. c4 Nb6 5. Nc3 e5 6. dxe5 Qxd1+ 7. Nxd1 Nc6
8. f4 Be6 9. Ne3 Bc5 10. Nf3 Bxe3 11. Bxe3 Nxc4 12. Bxc4 Bxc4 13. Kf2 O-O-O 14.
Rhc1 Bd5 15. Rc3 Rd7 16. a3 Bxf3 17. Kxf3 Nd4+ 18. Ke4 f5+ 19. exf6 Re8+ 0-1

[Event "Bundesliga 9596"]
[Site "Deutschland"]
[Date "1995.??.??"]
[Round "?.7"]
[White "Trettin, Ulrich"]
[Black "Prang, Edgar"]
[Result "0-1"]
[WhiteElo "2270"]
[BlackElo "2335"]
[PlyCount "60"]
[EventDate "1995.10.??"]
[EventType "team"]
[EventRounds "15"]
[EventCountry "GER"]
[SourceTitle "Bundesliga 9596"]
[Source "DeepChess"]
[SourceDate "2005.01.01"]
[SourceVersion "1"]
[SourceVersionDate "2005.01.01"]
[SourceQuality "1"]
[WhiteTeam "SV Tuebingen 1870 e.V."]
[BlackTeam "PSV Turm Duisburg 1920 e.V."]
[WhiteTeamCountry "GER"]
[BlackTeamCountry "GER"]

1. d4 d5 2. c4 e6 3. Nc3 Nf6 4. Bg5 Be7 5. e3 Nbd7 6. cxd5 exd5 7. Bd3 c6 8.
Nge2 h6 9. Bh4 O-O 10. O-O Re8 11. f3 b6 12. Qc2 Bb7 13. e4 dxe4 14. fxe4 c5
15. d5 Ng4 16. Bxe7 Qxe7 17. Rf4 c4 18. Rxg4 cxd3 19. Qxd3 Ne5 20. Qg3 Nxg4 21.
Qxg4 Qe5 22. Rf1 Ba6 23. Re1 Bxe2 24. Rxe2 Qd4+ 25. Kh1 Re5 26. Qf3 Rae8 27. g4
a6 28. a4 Qc4 29. Rd2 b5 30. axb5 axb5 0-1

[Event "Bundesliga 9596"]
[Site "Deutschland"]
[Date "1995.??.??"]
[Round "?.8"]
[White "Kilian, Ralf"]
[Black "Gass, Ulrich"]
[Result "1-0"]
[WhiteElo "2210"]
[BlackElo "2114"]
[PlyCount "87"]
[EventDate "1995.10.??"]
[EventType "team"]
[EventRounds "15"]
[EventCountry "GER"]
[SourceTitle "Bundesliga 9596"]
[Source "DeepChess"]
[SourceDate "2005.01.01"]
[SourceVersion "1"]
[SourceVersionDate "2005.01.01"]
[SourceQuality "1"]
[WhiteTeam "PSV Turm Duisburg 1920 e.V."]
[BlackTeam "SV Tuebingen 1870 e.V."]
[WhiteTeamCountry "GER"]
[BlackTeamCountry "GER"]

1. e4 d6 2. d4 Nf6 3. Nc3 g6 4. Be2 Bg7 5. Nf3 O-O 6. O-O Bg4 7. Be3 Nc6 8. d5
Bxf3 9. Bxf3 Ne5 10. Be2 c6 11. f4 Ned7 12. Bf3 cxd5 13. exd5 Qa5 14. Bd4 Rac8
15. Re1 Rfe8 16. a3 a6 17. Qd2 Rc4 18. Be3 b5 19. Qf2 Rb8 20. Kh1 Qd8 21. Qf1
Nb6 22. a4 Rb4 23. axb5 axb5 24. b3 Nh5 25. Na2 Rxf4 26. Bxf4 Nxf4 27. Rad1 Qd7
28. Nb4 Bc3 29. Nc6 Re8 30. Re3 b4 31. Qb5 Nc8 32. Nd4 Rd8 33. Qxd7 Rxd7 34.
Nb5 Be5 35. Re4 f5 36. Rxb4 Rb7 37. Rc4 Rxb5 38. Rxc8+ Kf7 39. Ra8 g5 40. g3
Nh3 41. Kg2 g4 42. Be2 Rb7 43. Rf1 e6 44. Bxg4 1-0

[Event "Bundesliga 9596"]
[Site "Deutschland"]
[Date "1996.??.??"]
[Round "?.1"]
[White "Hracek, Zbynek"]
[Black "Emms, John M"]
[Result "1/2-1/2"]
[WhiteElo "2650"]
[BlackElo "2500"]
[PlyCount "83"]
[EventDate "1995.10.??"]
[EventType "team"]
[EventRounds "15"]
[EventCountry "GER"]
[SourceTitle "Bundesliga 9596"]
[Source "DeepChess"]
[SourceDate "2005.01.01"]
[SourceVersion "1"]
[SourceVersionDate "2005.01.01"]
[SourceQuality "1"]
[WhiteTeam "SAbt SV Werder Bremen"]
[BlackTeam "PSV/BSV Wuppertal 1921 e.V."]
[WhiteTeamCountry "GER"]
[BlackTeamCountry "GER"]

1. e4 e5 2. Nf3 Nc6 3. Bb5 a6 4. Ba4 Nf6 5. O-O b5 6. Bb3 Bc5 7. a4 Bb7 8. d3
O-O 9. Nc3 Na5 10. Ba2 b4 11. Ne2 Re8 12. Be3 Bf8 13. Ng3 d5 14. Nd2 dxe4 15.
dxe4 Bc8 16. f3 Be6 17. Bxe6 Rxe6 18. Qe2 Rc6 19. Rac1 Qe8 20. Rfd1 Nd7 21.
Ngf1 Nc5 22. Ra1 Ne6 23. Nb3 Nxb3 24. cxb3 Bc5 25. Rac1 Bd4 26. g3 Rd8 27. Kg2
h6 28. Rxc6 Qxc6 29. Bc1 Rd6 30. Ne3 Bxe3 31. Bxe3 Nd4 32. Qc4 Nc2 33. Rxd6
Nxe3+ 34. Kf2 Ng4+ 35. fxg4 Qxd6 36. a5 Qd4+ 37. Kf3 Qxb2 38. Qxb4 Qxh2 39. Qb7
Qh1+ 40. Kf2 Qh2+ 41. Kf3 Qh1+ 42. Kf2 1/2-1/2

[Event "Bundesliga 9596"]
[Site "Deutschland"]
[Date "1996.??.??"]
[Round "?.2"]
[White "Conquest, Stuart"]
[Black "Kindermann, Stefan"]
[Result "1/2-1/2"]
[WhiteElo "2540"]
[BlackElo "2575"]
[PlyCount "125"]
[EventDate "1995.10.??"]
[EventType "team"]
[EventRounds "15"]
[EventCountry "GER"]
[SourceTitle "Bundesliga 9596"]
[Source "DeepChess"]
[SourceDate "2005.01.01"]
[SourceVersion "1"]
[SourceVersionDate "2005.01.01"]
[SourceQuality "1"]
[WhiteTeam "PSV/BSV Wuppertal 1921 e.V."]
[BlackTeam "SAbt SV Werder Bremen"]
[WhiteTeamCountry "GER"]
[BlackTeamCountry "GER"]

1. c4 f5 2. g3 Nf6 3. Bg2 g6 4. b4 e5 5. Bb2 d6 6. e3 Bg7 7. Ne2 O-O 8. O-O e4
9. d3 exd3 10. Qxd3 Nc6 11. b5 Ne5 12. Qc2 Qe8 13. Nd2 c6 14. bxc6 bxc6 15. Ba3
Qe7 16. Rab1 Qc7 17. Rb3 Bd7 18. Rfb1 Rab8 19. Bb4 Rbe8 20. Bc3 Bc8 21. Ra3 a6
22. Ba1 g5 23. h3 c5 24. Rab3 Ng6 25. Nc3 Ne7 26. Nf3 h6 27. h4 Nh7 28. Qd2 Be6
29. Rb7 Qd8 30. R1b6 Bc8 31. Rb8 f4 32. exf4 gxf4 33. Bb2 fxg3 34. fxg3 Nf5 35.
Ne2 Qe7 36. Bxg7 Qxg7 37. Kh2 Nf6 38. Rb3 Ne4 39. Qd5+ Qf7 40. Qxf7+ Kxf7 41.
Nf4 Nfxg3 42. Nd2 Nxd2 43. Rxg3 Bf5 44. Rb7+ Kf6 45. Nh5+ Ke5 46. Ng7 Rb8 47.
Re3+ Be4 48. Re7+ Kf6 49. Rd7 Ke5 50. Re2 Rb2 51. Re7+ Kf6 52. R7xe4 Kxg7 53.
Rg4+ Kh8 54. Re1 Kh7 55. Re7+ Kh8 56. Rgg7 Rf2 57. Kh3 Nf3 58. Rh7+ Kg8 59.
Reg7+ Kf8 60. Rf7+ Kg8 61. Rhg7+ Kh8 62. Rh7+ Kg8 63. Rhg7+ 1/2-1/2